Biology concepts and applications
Αποθηκεύτηκε σε:
| Κύριος συγγραφέας: | |
|---|---|
| Άλλοι συγγραφείς: | |
| Μορφή: | Βιβλίο |
| Γλώσσα: | Undetermined |
| Έκδοση: |
Belmont, CA
Thomson, Brooks/Cole
2006
|
| Θέματα: | |
| Διαθέσιμο Online: | http://lrc.tdmu.edu.vn/opac/search/detail.asp?aID=2&ID=7313 |
| Ετικέτες: |
Προσθήκη ετικέτας
Δεν υπάρχουν, Καταχωρήστε ετικέτα πρώτοι!
|
| Thư viện lưu trữ: | Trung tâm Học liệu Trường Đại học Thủ Dầu Một |
|---|
| LEADER | 00636nam a2200217Ia 4500 | ||
|---|---|---|---|
| 001 | TDMU_7313 | ||
| 008 | 210410s9999 xx 000 0 und d | ||
| 082 | |a 570 | ||
| 090 | |b S109 | ||
| 100 | |a Starr, Cecie | ||
| 245 | 0 | |a Biology | |
| 245 | 0 | |b concepts and applications | |
| 245 | 0 | |c Cecie Starr, Christine A. Evers, Lisa Starr | |
| 260 | |a Belmont, CA | ||
| 260 | |b Thomson, Brooks/Cole | ||
| 260 | |c 2006 | ||
| 300 | |a xx, 795 p. | ||
| 650 | |a Biology | ||
| 700 | |a Evers, Christine A | ||
| 856 | |u http://lrc.tdmu.edu.vn/opac/search/detail.asp?aID=2&ID=7313 | ||
| 980 | |a Trung tâm Học liệu Trường Đại học Thủ Dầu Một | ||